Financial Management (Text Problems & cases) (Record no. 598)

MARC details
000 -LEADER
fixed length control field 00417nam a22001697a 4500
005 - DATE AND TIME OF LATEST TRANSACTION
control field 20180704115530.0
008 - FIXED-LENGTH DATA ELEMENTS--GENERAL INFORMATION
fixed length control field 160511b xxu||||| |||| 00| 0 eng d
020 ## - INTERNATIONAL STANDARD BOOK NUMBER
ISBN 0-058340-4
041 ## - LANGUAGE CODE
Language code of text/sound track or separate title eng
082 ## - DEWEY DECIMAL CLASSIFICATION NUMBER
Item number 1358
Classification number 658.15
100 ## - MAIN ENTRY--AUTHOR NAME
Personal name Khan, MY, Jain, PK
245 ## - TITLE STATEMENT
Title Financial Management (Text Problems & cases)
260 ## - PUBLICATION, DISTRIBUTION, ETC. (IMPRINT)
Place of publication New Delhi
Name of publisher TMH
300 ## - PHYSICAL DESCRIPTION
Number of Pages 38.19p,
650 ## - SUBJECT ADDED ENTRY--TOPICAL TERM
Topical Term Management
942 ## - ADDED ENTRY ELEMENTS (KOHA)
Koha item type Books
Holdings
Lost status Damaged status Collection code Home library Current library Shelving location Date acquired Source of acquisition Cost, normal purchase price Full call number Accession Number Koha item type
    MANAGEMENT JRU Library JRU Library SHELF-58 -H 11/05/2016 PURCHASE 450.00 658.15 1358 Books
    MANAGEMENT JRU Library JRU Library SHELF-58 -H 11/05/2016 PURCHASE 450.00 658.15 1359 Books
    MANAGEMENT JRU Library JRU Library SHELF-58 -H 11/05/2016   450.00 658.15 1360 Books
    MANAGEMENT JRU Library JRU Library SHELF-58 -H 11/05/2016 PURCHASE 450.00 658.15 1361 Books
    MANAGEMENT JRU Library JRU Library SHELF-58 -H 11/05/2016 PURCHASE 450.00 658.15 1362 Books
    MANAGEMENT JRU Library JRU Library SHELF-58 -H 11/05/2016 PURCHASE 450.00 658.15 1363 Books
    MANAGEMENT JRU Library JRU Library SHELF-58 -H 11/05/2016 PURCHASE 450.00 658.15 1364 Books
    MANAGEMENT JRU Library JRU Library SHELF-58 -H 11/05/2016 PURCHASE 450.00 658.15 1365 Books
    MANAGEMENT JRU Library JRU Library SHELF-58 -H 11/05/2016 PURCHASE 450.00 658.15 1366 Books
    MANAGEMENT JRU Library JRU Library SHELF-58 -H 11/05/2016 PURCHASE 450.00 658.15 1367 Books
    MANAGEMENT JRU Library JRU Library SHELF-58 -H 11/05/2016 PURCHASE 450.00 658.15 1368 Books
    MANAGEMENT JRU Library JRU Library SHELF-58 -H 11/05/2016 PURCHASE 450.00 658.15 1369 Books
    MANAGEMENT JRU Library JRU Library SHELF-58 -H 11/05/2016 PURCHASE 450.00 658.15 1370 Books